| 000 | 00595cam a22002411 4500 | ||
|---|---|---|---|
| 001 | sa 68006437 | ||
| 003 | DLC | ||
| 005 | 20260227112516.0 | ||
| 008 | 890324s1961 xx 000 0 hinr | ||
| 010 | _asa 68006437 | ||
| 035 | _a(OCoLC)23567129 | ||
| 040 |
_aDLC _cMiU _dDLC |
||
| 042 | _apremarc | ||
| 043 | _aa-ii--- | ||
| 050 | 0 | 0 |
_aP106 _b.S5 |
| 100 | 1 | _aŚarmā, Rāmavilāsa. | |
| 245 | 1 | 0 | _aBhāshā aura samāja. |
| 260 |
_a[n.p.] _c[1961] |
||
| 300 |
_a19, 530 p. _bport. _c22 cm. |
||
| 500 | _aRomanized. | ||
| 650 | 0 | _aLanguage and languages. | |
| 651 | 0 |
_aIndia _xLanguages. |
|
| 999 |
_c81309 _d81309 |
||